Countries & Capitals of Asia - Statistics

General Stats
  • This quiz has been taken 246 times
    122 since last reset
  • The average score is 87 of 96
Answer Stats
Continent Country/Capital % Correct
Asia China
100%
Asia India
99%
Asia Iran
99%
Asia Japan
99%
Asia Philippines
99%
Asia Vietnam
99%
Asia Laos
97%
Asia Maldives
97%
Asia Mongolia
97%
Asia North Korea
97%
Asia Pakistan
97%
Asia South Korea
97%
Asia Thailand
97%
Asia Tokyo
97%
Asia Uzbekistan
97%
Asia Afghanistan
96%
Asia Beijing
96%
Asia Indonesia
96%
Asia Iraq
96%
Asia Kyrgyzstan
96%
Asia Malaysia
96%
Asia Myanmar
96%
Asia Nepal
96%
Asia Oman
96%
Asia Saudi Arabia
96%
Asia Sri Lanka
96%
Asia Taiwan
96%
Asia Tajikistan
96%
Asia Turkmenistan
96%
Asia Yemen
96%
Asia Azerbaijan
94%
Asia Bangladesh
94%
Asia Bhutan
94%
Asia Brunei
94%
Asia Israel
94%
Asia Jordan
94%
Asia Qatar
94%
Asia Seoul
94%
Asia Turkey
94%
Asia United Arab Emirates
94%
Asia Cambodia
93%
Asia East Timor
93%
Asia Jakarta
93%
Asia Kazakhstan
93%
Asia Kuwait
93%
Asia Kuwait City
93%
Asia Lebanon
93%
Asia Manila
93%
Asia New Delhi
93%
Asia Pyongyang
93%
Asia Armenia
91%
Asia Bahrain
91%
Asia Bangkok
91%
Asia Georgia
91%
Asia Hanoi
91%
Asia Jerusalem
91%
Asia Singapore
91%
Asia Singapore
91%
Asia Tehran
91%
Asia Ankara
90%
Asia Baghdad
90%
Asia Kuala Lumpur
90%
Asia Syria
90%
Asia Taipei
90%
Asia Kabul
88%
Asia Kathmandu
88%
Asia Ulaanbaatar
88%
Asia Abu Dhabi
87%
Asia Astana
87%
Asia Islamabad
87%
Asia Beirut
86%
Asia Cyprus
86%
Asia Doha
86%
Asia Riyadh
86%
Asia Dhaka
84%
Asia Muscat
84%
Asia Phnom Penh
84%
Asia Tashkent
84%
Asia Baku
83%
Asia Damascus
83%
Asia Dili
83%
Asia Malé
83%
Asia Amman
81%
Asia Bishkek
81%
Asia Nicosia
81%
Asia Sana'a
80%
Asia Tbilisi
80%
Asia Yerevan
80%
Asia Ashgabat
78%
Asia Manama
78%
Asia Thimphu
78%
Asia Vientiane
78%
Asia Dushanbe
75%
Asia Naypyidaw
75%
Asia Bandar Seri Begawan
74%
Asia Sri Jayawardenepura Kotte
70%
No matching quizzes found
Score Distribution
Percent of People with Each Score
Percentile by Number Answered
Your Score History
You have not taken this quiz since the last reset